00748nam a22001937a 4500003000900000008004100009040007100050082003000121100003100151245013900182260003300321300002600354650003400380650002200414650001300436650002700449650002700476710005100503AR-CdUCM190427b ||||| |||| 00| 0 spa d aMUNICIPALIDAD PROVINCIAL DEL CUSCOcBIBLIOTECA MUNICIPAL DEL CUSCO a985.033/V17bV172segunda aValcárcel, Carlos Daniel aÍndice de documentos referentes al juicio sobre legítima descendencia del último Inca Túpac Amaru /cCarlos Daniel Valcárcel aCusco :bJL editores,c2021. a78 paginas. :c23 cm. aTúpac Amaru, José Gabriel aFuentes primarias aHistoria aRebeliones indígenas aLevantamientos andinos aDirección Desconcentrada de Cultura de Cusco